[Event "ONJK 2018 B"]
[Site "Borne, Netherlands"]
[Date "2018.08.11"]
[Round "9.12"]
[White "Heskes, Johan"]
[Black "Nopper, Louis"]
[Result "1/2-1/2"]
[WhiteElo "1625"]
[BlackElo "1386"]
[PlyCount "70"]
[EventDate "2018.??.??"]

1. d4 Nf6 2. c4 g6 3. Nc3 Bg7 4. e4 d6 5. f4 Nfd7 6. Nf3 O-O 7. Be2 c5 8. Be3
Nc6 9. O-O e5 10. d5 Ne7 11. Qd2 a6 12. fxe5 Nxe5 13. Bh6 Nxf3+ 14. Bxf3 Bd7
15. Bxg7 Kxg7 16. Qf4 Qc7 17. Rae1 Rae8 18. Re2 b5 19. b3 f5 20. e5 dxe5 21.
Qxe5+ Qxe5 22. Rxe5 Nc8 23. Rfe1 Nd6 24. Re7+ Rxe7 25. Rxe7+ Rf7 26. Rxf7+ Kxf7
27. Be2 Kf6 28. Kf2 Ke5 29. Ke3 h5 30. g3 Be8 31. a4 b4 32. Na2 g5 33. Nc1 Ne4
34. Nd3+ Kd6 35. Bf3 Bg6 1/2-1/2

[Event "ONJK 2018 B"]
[Site "Borne, Netherlands"]
[Date "2018.08.11"]
[Round "9.13"]
[White "Molanus, Lennart"]
[Black "Van Hille, Clara"]
[Result "1-0"]
[WhiteElo "1603"]
[BlackElo "1296"]
[PlyCount "55"]
[EventDate "2018.??.??"]

1. d4 d5 2. c4 e6 3. Nc3 Nf6 4. Nf3 Be7 5. e3 c5 6. Bd3 Nc6 7. a3 O-O 8. cxd5
exd5 9. dxc5 Bxc5 10. b4 Bb6 11. O-O d4 12. Nxd4 Nxd4 13. exd4 Bxd4 14. Bb2 Be6
15. Rc1 Rc8 16. Qd2 Bb6 17. Na4 Bc7 18. Nc5 b6 19. Nxe6 fxe6 20. Rfd1 Kh8 21.
Qg5 Qd5 22. Bxf6 gxf6 23. Qxd5 exd5 24. Ba6 Kg7 25. g3 Kf7 26. Bxc8 Rxc8 27.
Rxd5 Ke6 28. Rh5 1-0

[Event "ONJK 2018 B"]
[Site "Borne, Netherlands"]
[Date "2018.08.11"]
[Round "9.14"]
[White "Maas, Tristan"]
[Black "Segers, Job"]
[Result "1-0"]
[WhiteElo "1431"]
[BlackElo "1565"]
[PlyCount "50"]
[EventDate "2018.??.??"]

1. e4 e5 2. Nf3 Nf6 3. Nxe5 d6 4. Nxf7 Kxf7 5. d4 g6 6. Nc3 Bg7 7. Bc4+ Be6 8.
Bxe6+ Kxe6 9. f4 Re8 10. O-O Kf7 11. e5 Nfd7 12. f5 gxf5 13. Qh5+ Kg8 14. Rxf5
Qe7 15. Bg5 Qe6 16. Raf1 dxe5 17. Nd5 Na6 18. Nf6+ Nxf6 19. Bxf6 Rf8 20. Bxg7
Rxf5 21. Rxf5 exd4 22. Bxd4 Qe1+ 23. Rf1 Qe4 24. Rf5 Qe6 25. Bg7 Kxg7 1-0

[Event "ONJK 2018 B"]
[Site "Borne, Netherlands"]
[Date "2018.08.11"]
[Round "9.15"]
[White "Bonenkamp, Jasper"]
[Black "Tiggelman, Laura"]
[Result "1/2-1/2"]
[WhiteElo "1684"]
[BlackElo "1500"]
[PlyCount "88"]
[EventDate "2018.??.??"]

1. d4 Nf6 2. c4 g6 3. Nc3 Bg7 4. e4 d6 5. f3 O-O 6. Be3 Nbd7 7. Bd3 e5 8. d5
Nh5 9. Qd2 a5 10. a4 b6 11. Bc2 Nc5 12. Nge2 Nf6 13. Bh6 Ne8 14. Bxg7 Nxg7 15.
g4 h5 16. gxh5 Nxh5 17. O-O-O Qf6 18. Rdf1 Bh3 19. Rf2 Qh4 20. Qe1 Nf4 21. Nxf4
Qxf4+ 22. Kb1 Rad8 23. Rg1 Kg7 24. Rg3 Rh8 25. Nb5 Rd7 26. Na7 f5 27. Nb5 Rf7
28. Nc3 fxe4 29. Nxe4 Nxe4 30. Bxe4 Bf5 31. Rfg2 Bxe4+ 32. Qxe4 Qxe4+ 33. fxe4
Rf6 34. Kc2 Rhf8 35. Kd3 Rf3+ 36. Ke2 Rxg3 37. hxg3 g5 38. Rh2 Kg6 39. Rh1 Kg7
40. Rh5 Kg6 41. Rh3 Kg7 42. Rh1 Kg6 43. Rb1 Rf4 44. b4 Rf7 1/2-1/2

[Event "ONJK 2018 B"]
[Site "Borne, Netherlands"]
[Date "2018.08.11"]
[Round "9.16"]
[White "Basa, Manasvita"]
[Black "Zuurmond, Lucas"]
[Result "1-0"]
[WhiteElo "1668"]
[BlackElo "1199"]
[PlyCount "48"]
[EventDate "2018.??.??"]

1. e4 d5 2. exd5 Qxd5 3. Nc3 Qa5 4. d4 Nf6 5. Bc4 g6 6. Nf3 Bg4 7. h3 Bf5 8.
Bd2 c6 9. Ng5 e6 10. g4 h6 11. Nf3 Nxg4 12. hxg4 Bxg4 13. Be2 Bg7 14. Be3 Nd7
15. Qd2 g5 16. O-O-O O-O-O 17. Qe1 f5 18. Kb1 Bf6 19. Nd2 Bxe2 20. Qxe2 Rdg8
21. Nc4 Qc7 22. f3 h5 23. Bf2 Kb8 24. Ne5 Nf8 1-0